| 000 | 01035nam1a22002171i 4500 | ||
|---|---|---|---|
| 001 | rc\1098627 | ||
| 005 | 20240725231055.0 | ||
| 035 | _a(NLR Aleph) 006377286 | ||
| 090 |
_a5052146 _c5052146 |
||
| 100 | _a20041126d1984 u |0rusy50 ca | ||
| 101 | 0 | _arus | |
| 102 | _aRU | ||
| 105 | _ay ||||||||| | ||
| 200 | 1 |
_aХимический состав и питательная ценность кормов Московской области... _e(Метод. указания) _fГл. упр. сел. хоз-ва Мособлисполкома, Моск. обл. произв. об-ние по агрохим. обслуживанию сел. хоз-ва "Моссельхозхимия", Моск. обл. проект.-изыскат. станция химизации сел. хоз-ва _g[Принимали участие: Праздников С.С. и др.] |
|
| 210 |
_aМ. _cБ. и. _d1984 |
||
| 215 | _d20 | ||
| 333 | _aДСП | ||
| 801 | 0 |
_aRU _bNLR _gpsbo |
|
| 801 | 1 |
_aRU _bELAR _2rusmarc |
|
| 852 |
_aNLR _j84-50К/6259 |
||
| 942 | _cBOOK | ||